[Event "Titled Tuesday intern op 01st Aug Late"]
[Site "Chess.com INT"]
[Date "2023.08.01"]
[Round "2"]
[White "Carrasco Miranda, Andres"]
[Black "Aung, Thant Zin"]
[Result "1-0"]
[WhiteElo "2240"]
[BlackElo "2268"]
[PlyCount "77"]
[EventDate "2023.08.01"]
[EventType "swiss (blitz)"]
[EventRounds "11"]
[EventCountry "USA"]
[SourceTitle "EXT 2024"]
[Source "ChessBase"]
[SourceDate "2023.10.10"]
[SourceVersion "1"]
[SourceVersionDate "2023.10.10"]
[SourceQuality "1"]

1. d4 Nf6 2. c4 e6 3. g3 c5 4. d5 exd5 5. cxd5 d6 6. Bg2 g6 7. Nc3 Bg7 8. Nf3 0-0 9. 0-0 Re8 10. Bf4 a6 11. a4 b6 12. Nd2 Nh5 13. Be3 Nd7 14. Nc4 Ne5 15. Nxe5 Bxe5 16. Qd2 Bd7 17. Rab1 b5 18. axb5 axb5 19. b4 c4 20. Bd4 Qf6 21. Bxe5 Qxe5 22. Ra1 Nf6 23. e4 Qe7 24. h3 Reb8 25. Kh2 Be8 26. f4 Rxa1 27. Rxa1 Qc7 28. Qd4 Nd7 29. Ra7 Qd8 30. e5 dxe5 31. fxe5 Qb6 32. Qxb6 Nxb6 33. d6 Bd7 34. Nd5 Nxd5 35. Bxd5 Rd8 36. Rc7 Kf8 37. h4 Ke8 38. Kg2 h5 39. Kf3 1-0

[Event "Titled Tuesday intern op 27th Jun Early"]
[Site "Chess.com INT"]
[Date "2023.06.27"]
[Round "2"]
[White "Lopez Gracia, Fernando"]
[Black "Aung, Thant Zin"]
[Result "1-0"]
[WhiteElo "2252"]
[BlackElo "2268"]
[PlyCount "153"]
[EventDate "2023.06.27"]
[EventType "swiss (blitz)"]
[EventRounds "11"]
[EventCountry "USA"]
[SourceTitle "EXT 2024"]
[Source "ChessBase"]
[SourceDate "2023.10.10"]
[SourceVersion "1"]
[SourceVersionDate "2023.10.10"]
[SourceQuality "1"]

1. e4 c5 2. Nf3 Nc6 3. Bb5 e6 4. Bxc6 bxc6 5. d3 d6 6. 0-0 e5 7. Nbd2 f5 8. exf5 Bxf5 9. Re1 Be7 10. Nc4 Nf6 11. Ne3 Be6 12. c3 0-0 13. d4 cxd4 14. cxd4 e4 15. Nd2 d5 16. Nb3 Bd6 17. Bd2 Qe8 18. Rc1 Rc8 19. Kh1 Qg6 20. h3 Nh5 21. Ng4 Rxf2 22. Nxf2 Qg3 23. Kg1 Rf8 24. Qxh5 Rxf2 25. Qe8+ Rf8 26. Qxe6+ Kh8 27. Qxd6 Qxd6 28. Rf1 Re8 29. Be3 Qg6 30. Nc5 h6 31. b3 Qh5 32. Rf2 Kh7 33. Nd7 Re6 34. Ne5 Qh4 35. Rxc6 Rxc6 36. Nxc6 Qh5 37. Rd2 Qg6 38. Ne5 Qg3 39. Re2 Qh4 40. b4 Qd8 41. Rc2 Qb6 42. a3 Qa6 43. Rc3 Qe2 44. Bf2 Qb2 45. Rg3 Qc1+ 46. Kh2 Qf4 47. Be3 Qf1 48. h4 Qe1 49. Ng6 Qe2 50. Nf4 Qa2 51. h5 Qc4 52. Ng6 Qe2 53. Bg1 Qxh5+ 54. Nh4 Qxh4+ 55. Rh3 Qg4 56. Be3 Qe2 57. Rg3 Qe1 58. Bg1 Qe2 59. Re3 Qg4 60. Rc3 Qh5+ 61. Rh3 Qg5 62. Kh1 Qc1 63. Kh2 Qd1 64. Be3 Qg4 65. Rg3 Qh4+ 66. Rh3 Qe1 67. Bf4 Qf1 68. Be5 Qf5 69. Rg3 Qh5+ 70. Kg1 Qg5 71. Rxg5 hxg5 72. Kf2 Kg6 73. g4 Kf7 74. Ke3 g6 75. Bh8 Ke6 76. Bg7 Kd7 77. Bh6 1-0

[Event "Titled Tuesday intern op 13th Jun Late"]
[Site "Chess.com INT"]
[Date "2023.06.13"]
[Round "3"]
[White "Aalto, Patrik"]
[Black "Aung, Thant Zin"]
[Result "0-1"]
[WhiteElo "2226"]
[BlackElo "2268"]
[PlyCount "120"]
[EventDate "2023.06.13"]
[EventType "swiss (blitz)"]
[EventRounds "11"]
[EventCountry "USA"]
[SourceTitle "EXT 2024"]
[Source "ChessBase"]
[SourceDate "2023.10.10"]
[SourceVersion "1"]
[SourceVersionDate "2023.10.10"]
[SourceQuality "1"]

1. e4 c5 2. a3 Nc6 3. b4 cxb4 4. axb4 Nxb4 5. c3 Nc6 6. d4 d5 7. exd5 Qxd5 8. Na3 e6 9. Nb5 Qd8 10. Bf4 e5 11. dxe5 Be6 12. Nd6+ Bxd6 13. exd6 Nf6 14. Nf3 0-0 15. Be2 Nd5 16. Qd2 Qf6 17. Bg3 Qxc3 18. 0-0 Qxd2 19. Nxd2 Nc3 20. Bf3 Rfd8 21. Ne4 Nxe4 22. Bxe4 Bd7 23. Rfb1 b6 24. Rc1 Rac8 25. Bxc6 Rxc6 26. Rxc6 Bxc6 27. Rxa7 b5 28. Rc7 Bd7 29. h3 f6 30. Kf1 Kf7 31. Ke2 Ke6 32. Kd3 Ra8 33. Rb7 Ra1 34. Bf4 g5 35. Bh2 h5 36. Rb8 Rh1 37. Bg3 h4 38. Rh8 hxg3 39. fxg3 Rg1 40. h4 gxh4 41. gxh4 Rxg2 42. h5 Kxd6 43. h6 Rh2 44. h7 Bf5+ 45. Ke3 Rxh7 46. Rb8 Bd7 47. Kd4 Rh4+ 48. Kc3 Kc5 49. Rb7 Bc6 50. Rf7 Rh3+ 51. Kd2 Rf3 52. Ke2 f5 53. Rf6 b4 54. Kd2 b3 55. Rf7 b2 56. Kc2 Rf2+ 57. Kd3 b1Q+ 58. Ke3 Qe1+ 59. Kd3 Rd2+ 60. Kc3 Qc1+ 0-1

[Event "Titled Tuesday intern op 13th Jun Late"]
[Site "Chess.com INT"]
[Date "2023.06.13"]
[Round "2"]
[White "Aung, Thant Zin"]
[Black "Henriquez Villagra, Cristobal"]
[Result "0-1"]
[WhiteElo "2268"]
[BlackElo "2618"]
[PlyCount "80"]
[EventDate "2023.06.13"]
[EventType "swiss (blitz)"]
[EventRounds "11"]
[EventCountry "USA"]
[SourceTitle "EXT 2024"]
[Source "ChessBase"]
[SourceDate "2023.10.10"]
[SourceVersion "1"]
[SourceVersionDate "2023.10.10"]
[SourceQuality "1"]

1. e4 d6 2. d4 Nf6 3. Nc3 e5 4. Nf3 Nbd7 5. Bc4 Be7 6. 0-0 0-0 7. Bb3 h6 8. h3 Re8 9. Re1 Bf8 10. a4 exd4 11. Nxd4 Nc5 12. f3 Nxb3 13. Nxb3 b6 14. a5 Bb7 15. Nd4 bxa5 16. Bd2 d5 17. e5 Nd7 18. f4 Nc5 19. Be3 Ne6 20. Nxe6 fxe6 21. Na4 Bc6 22. Nc5 Rb8 23. b3 Rb4 24. Bd4 Bxc5 25. Bxc5 Rxf4 26. Rxa5 d4 27. Rf1 Qd5 28. Qe2 Rxf1+ 29. Qxf1 Qxe5 30. b4 Bd5 31. Qf2 Qe4 32. Rxa7 e5 33. Rxc7 Qg6 34. Kh2 Kh7 35. Qg3 Qxg3+ 36. Kxg3 Re6 37. b5 Rg6+ 38. Kh4 Rxg2 39. b6 Rxc2 40. b7 Bxb7 0-1

[Event "Titled Tuesday intern op 13th Jun Late"]
[Site "Chess.com INT"]
[Date "2023.06.13"]
[Round "1"]
[White "Deng, Henry"]
[Black "Aung, Thant Zin"]
[Result "1/2-1/2"]
[WhiteElo "2163"]
[BlackElo "2268"]
[PlyCount "64"]
[EventDate "2023.06.13"]
[EventType "swiss (blitz)"]
[EventRounds "11"]
[EventCountry "USA"]
[SourceTitle "EXT 2024"]
[Source "ChessBase"]
[SourceDate "2023.10.10"]
[SourceVersion "1"]
[SourceVersionDate "2023.10.10"]
[SourceQuality "1"]

1. e4 c5 2. Nc3 Nc6 3. Bb5 e6 4. Bxc6 bxc6 5. f4 d6 6. d3 Nf6 7. Nf3 Be7 8. 0-0 0-0 9. Bd2 Ba6 10. b3 d5 11. Qe1 c4 12. bxc4 dxc4 13. d4 c5 14. Be3 cxd4 15. Bxd4 Bb7 16. Rd1 Qa5 17. Nd5 Qa3 18. Nxf6+ gxf6 19. Qg3+ Kh8 20. Qh4 Bxe4 21. Bxf6+ Bxf6 22. Qxf6+ Kg8 23. Ne5 Bg6 24. f5 exf5 25. Rf3 Qc5+ 26. Kh1 Rfe8 27. Nxg6 fxg6 28. h4 Qe7 29. Qd4 Qe4 30. Qf6 Qe7 31. Qd4 Qe4 32. Qf6 Qe7 1/2-1/2

[Event "Titled Tuesday intern op 13th Jun Late"]
[Site "Chess.com INT"]
[Date "2023.06.13"]
[Round "9"]
[White "Romanchuk, Viktor"]
[Black "Aung, Thant Zin"]
[Result "1-0"]
[WhiteElo "2266"]
[BlackElo "2268"]
[PlyCount "103"]
[EventDate "2023.06.13"]
[EventType "swiss (blitz)"]
[EventRounds "11"]
[EventCountry "USA"]
[SourceTitle "EXT 2024"]
[Source "ChessBase"]
[SourceDate "2023.10.10"]
[SourceVersion "1"]
[SourceVersionDate "2023.10.10"]
[SourceQuality "1"]

1. d4 Nf6 2. c4 e6 3. Nc3 Bb4 4. e3 c5 5. Nge2 Kf8 6. a3 Bxc3+ 7. Nxc3 cxd4 8. exd4 d5 9. c5 Nc6 10. Bf4 h6 11. b4 a6 12. Be2 Ne4 13. Nxe4 dxe4 14. Bd6+ Kg8 15. d5 exd5 16. Qxd5 Qf6 17. 0-0 Qf5 18. Bc4 Be6 19. Qxf5 Bxf5 20. Rfe1 Kh7 21. Bxf7 Nd4 22. Red1 Nb5 23. Be5 Rhd8 24. a4 Na7 25. h3 Nc6 26. Bc3 Rd3 27. Rxd3 exd3 28. f3 Rf8 29. Bc4 Re8 30. Re1 Rd8 31. Kf2 Nd4 32. Rd1 Ne2 33. Be5 Re8 34. f4 g5 35. Bxd3 Bxd3 36. Rxd3 gxf4 37. Kxe2 Rxe5+ 38. Kf3 Kg6 39. Kxf4 Re2 40. g4 Rf2+ 41. Kg3 Rb2 42. Rd6+ Kf7 43. Rb6 Ra2 44. Rxb7+ Ke6 45. Rb6+ Kd5 46. Rxa6 Kc4 47. Rb6 Rxa4 48. c6 Kd5 49. b5 Kd6 50. Rb7 Rc4 51. c7 Kd7 52. b6 1-0

[Event "Titled Tuesday intern op 06th Jun Early"]
[Site "Chess.com INT"]
[Date "2023.06.06"]
[Round "1"]
[White "Aung, Thant Zin"]
[Black "Sharapov, Evgeny"]
[Result "0-1"]
[WhiteElo "2268"]
[BlackElo "2375"]
[PlyCount "76"]
[EventDate "2023.06.06"]
[EventType "swiss (blitz)"]
[EventRounds "11"]
[EventCountry "USA"]
[SourceTitle "EXT 2024"]
[Source "ChessBase"]
[SourceDate "2023.10.10"]
[SourceVersion "1"]
[SourceVersionDate "2023.10.10"]
[SourceQuality "1"]

1. e4 c5 2. Nf3 d6 3. Bb5+ Nd7 4. 0-0 Ngf6 5. Re1 e5 6. c3 Be7 7. d4 Qc7 8. a4 0-0 9. Nbd2 a6 10. Bf1 b6 11. Nc4 Bb7 12. d5 b5 13. Ncd2 c4 14. b3 cxb3 15. Qxb3 Nc5 16. Qa3 Nxa4 17. c4 Nc5 18. cxb5 axb5 19. Qb2 Rxa1 20. Qxa1 b4 21. Qb1 Rb8 22. Nb3 Nxb3 23. Qxb3 Nd7 24. Be3 Nc5 25. Qb1 Bc8 26. Rc1 Bg4 27. Bxc5 dxc5 28. Nd2 Bd6 29. f3 Bd7 30. Bc4 h6 31. Nb3 Ra8 32. Qd3 Ra3 33. Qb1 Qa7 34. Nd2 Ba4 35. Kh1 Kh7 36. Bb3 Bxb3 37. Nxb3 c4 38. Rxc4 Rxb3 0-1

[Event "Titled Tuesday intern op 09th May Early"]
[Site "Chess.com INT"]
[Date "2023.05.09"]
[Round "4"]
[White "Aung, Thant Zin"]
[Black "Aldokhin, Ivan"]
[Result "0-1"]
[WhiteElo "2268"]
[BlackElo "2413"]
[PlyCount "122"]
[EventDate "2023.05.09"]
[EventType "swiss (blitz)"]
[EventRounds "11"]
[EventCountry "USA"]
[SourceTitle "CBM 214 Extra"]
[Source "ChessBase"]
[SourceDate "2023.07.31"]
[SourceVersion "1"]
[SourceVersionDate "2023.07.31"]
[SourceQuality "1"]

1. e4 c5 2. Nf3 e6 3. d4 cxd4 4. Nxd4 a6 5. Nc3 Qc7 6. Be3 Nf6 7. Bd3 d6 8. 0-0 Be7 9. Qe2 b5 10. a3 Bb7 11. Kh1 Nbd7 12. f4 h5 13. f5 e5 14. Nf3 h4 15. Ng5 Nh5 16. Kg1 Nf4 17. Bxf4 exf4 18. Nh3 Bf6 19. Nd5 Bxd5 20. exd5+ Kf8 21. Nxf4 Bxb2 22. Rab1 Be5 23. Nh5 h3 24. g3 Qc5+ 25. Kh1 Rxh5 26. Qxh5 Qxd5+ 27. Qf3 Qxf3+ 28. Rxf3 Nf6 29. Re1 Rc8 30. g4 Nxg4 31. Ref1 Nxh2 32. Rxh3 Rxc2 33. Bxc2 Nxf1 34. Kg2 Nd2 35. Rh8+ Ke7 36. Ra8 Nc4 37. a4 Ne3+ 38. Kf3 Nxc2 39. Rxa6 bxa4 40. Rxa4 Kf6 41. Ke4 Nd4 42. Ra6 Nxf5 43. Ra7 g5 44. Ra2 Ke6 45. Rf2 g4 46. Rxf5 d5+ 47. Ke3 Kxf5 48. Kf2 Kf4 49. Kg2 f5 50. Kf2 Ke4 51. Kg2 f4 52. Kf2 d4 53. Kg2 d3 54. Kf2 Bd4+ 55. Ke1 Ke3 56. Kd1 g3 57. Ke1 f3 58. Kf1 Ke4 59. Ke1 Be3 60. Kd1 g2 61. Ke1 g1Q# 0-1

[Event "Titled Tuesday intern op 09th May Early"]
[Site "Chess.com INT"]
[Date "2023.05.09"]
[Round "5"]
[White "Aung, Thant Zin"]
[Black "Matveeva, Olga"]
[Result "0-1"]
[WhiteElo "2268"]
[BlackElo "2128"]
[PlyCount "192"]
[EventDate "2023.05.09"]
[EventType "swiss (blitz)"]
[EventRounds "11"]
[EventCountry "USA"]
[SourceTitle "CBM 214 Extra"]
[Source "ChessBase"]
[SourceDate "2023.07.31"]
[SourceVersion "1"]
[SourceVersionDate "2023.07.31"]
[SourceQuality "1"]

1. c4 c5 2. Nf3 Nc6 3. d4 cxd4 4. Nxd4 g6 5. Nc3 Bg7 6. e3 Nf6 7. Be2 0-0 8. 0-0 d6 9. b3 Bd7 10. Bb2 a6 11. Qd2 Qa5 12. Rad1 Rfe8 13. Nd5 Qxd2 14. Rxd2 Nxd5 15. cxd5 Nxd4 16. Bxd4 Rec8 17. Bxg7 Kxg7 18. e4 Rc7 19. f4 Rac8 20. Kf2 Rc2 21. Rfd1 a5 22. Ke3 R2c3+ 23. Kd4 a4 24. Bc4 Bg4 25. Re1 axb3 26. axb3 R3xc4+ 27. bxc4 Ra8 28. Rb1 Bc8 29. e5 Ra4 30. Rb6 dxe5+ 31. fxe5 f6 32. exf6+ exf6 33. Rdb2 Kf7 34. R6b4 Ra1 35. c5 Rd1+ 36. Kc4 Ke7 37. Re2+ Kd8 38. d6 Rc1+ 39. Kd3 Rxc5 40. Re7 Rd5+ 41. Rd4 Rxd6 42. Rxd6+ Kxe7 43. Rd4 Be6 44. g3 b5 45. Kc3 Bc4 46. Kb4 Ke6 47. Kc5 h5 48. h4 Ke5 49. Rf4 g5 50. Rd4 Kf5 51. Kd6 Kg6 52. Ke7 Kf5 53. Rd6 gxh4 54. gxh4 Kg4 55. Rd4+ Kf5 56. Kd6 Kg6 57. Kc5 Kf5 58. Kb4 Ke6 59. Kc3 Kf5 60. Kd2 Kg6 61. Ke3 Kf5 62. Rf4+ Kg6 63. Kf3 Bd5+ 64. Kg3 Bc4 65. Rf2 Bd5 66. Kf4 Bc4 67. Rb2 Kf7 68. Rd2 Kg6 69. Rd4 Kf7 70. Rd6 Kg6 71. Rb6 Bd3 72. Rb8 Bc4 73. Rc8 Bd3 74. Rc5 b4 75. Rd5 Bc2 76. Rc5 b3 77. Rb5 Bd1 78. Ke3 Bc2 79. Kf4 Bd1 80. Ke3 Bc2 81. Kd2 Kf7 82. Kc3 Kg6 83. Kd2 Kf7 84. Rxh5 Kg6 85. Rb5 f5 86. Ke3 Kh5 87. Rb4 Bd1 88. Kf2 Bc2 89. Kg3 Bd1 90. Rb8 Bc2 91. Rh8+ Kg6 92. Rb8 Kh5 93. Kf4 Kg6 94. Rb4 Kh5 95. Rb6 Bd1 96. Rb4 Bc2 0-1

[Event "Titled Tuesday intern op 09th May Early"]
[Site "Chess.com INT"]
[Date "2023.05.09"]
[Round "1"]
[White "Aung, Thant Zin"]
[Black "Shuvalov, Evgenij"]
[Result "1-0"]
[WhiteElo "2268"]
[BlackElo "2038"]
[PlyCount "41"]
[EventDate "2023.05.09"]
[EventType "swiss (blitz)"]
[EventRounds "11"]
[EventCountry "USA"]
[SourceTitle "CBM 214 Extra"]
[Source "ChessBase"]
[SourceDate "2023.07.31"]
[SourceVersion "1"]
[SourceVersionDate "2023.07.31"]
[SourceQuality "1"]

1. e4 e6 2. d4 d5 3. Nc3 Bb4 4. exd5 exd5 5. Bd3 Nc6 6. Nge2 Bg4 7. 0-0 Nxd4 8. f3 Nxe2+ 9. Qxe2+ Be6 10. f4 Bxc3 11. bxc3 Qe7 12. f5 Bd7 13. Qf2 Nf6 14. a4 b6 15. Re1 Ne4 16. Bxe4 dxe4 17. Qf4 Bc6 18. Ba3 Qf6 19. Qxc7 Rd8 20. Rad1 Rxd1 21. Rxd1 1-0

[Event "Titled Tuesday intern op 09th May Early"]
[Site "Chess.com INT"]
[Date "2023.05.09"]
[Round "3"]
[White "Hua, Lefong"]
[Black "Aung, Thant Zin"]
[Result "1-0"]
[WhiteElo "2305"]
[BlackElo "2268"]
[PlyCount "57"]
[EventDate "2023.05.09"]
[EventType "swiss (blitz)"]
[EventRounds "11"]
[EventCountry "USA"]
[SourceTitle "CBM 214 Extra"]
[Source "ChessBase"]
[SourceDate "2023.07.31"]
[SourceVersion "1"]
[SourceVersionDate "2023.07.31"]
[SourceQuality "1"]

1. d4 Nf6 2. c4 e6 3. Nc3 Bb4 4. f3 c5 5. a3 Bxc3+ 6. bxc3 0-0 7. e4 d6 8. Bd3 e5 9. d5 h6 10. Ne2 Nbd7 11. Ng3 Nb6 12. 0-0 Bd7 13. f4 exf4 14. Bxf4 Bg4 15. Qd2 Nh7 16. h3 Bc8 17. e5 dxe5 18. Bxe5 f6 19. Bf4 Ng5 20. Rae1 Re8 21. Nh5 Nf7 22. Qf2 Nd7 23. Qg3 g5 24. Bc7 Rxe1 25. Bxd8 Rxf1+ 26. Kxf1 Nxd8 27. Qd6 Kf7 28. Bf5 Nf8 29. Qxf6+ 1-0

[Event "Titled Tuesday intern op 09th May Early"]
[Site "Chess.com INT"]
[Date "2023.05.09"]
[Round "8"]
[White "Rodriguez Santiago, Jaime"]
[Black "Aung, Thant Zin"]
[Result "1-0"]
[WhiteElo "2026"]
[BlackElo "2268"]
[PlyCount "57"]
[EventDate "2023.05.09"]
[EventType "swiss (blitz)"]
[EventRounds "11"]
[EventCountry "USA"]
[SourceTitle "CBM 214 Extra"]
[Source "ChessBase"]
[SourceDate "2023.07.31"]
[SourceVersion "1"]
[SourceVersionDate "2023.07.31"]
[SourceQuality "1"]

1. c4 e5 2. Nc3 Nf6 3. g3 d5 4. cxd5 Nxd5 5. Bg2 Nb6 6. e3 Be7 7. Nge2 0-0 8. 0-0 c6 9. f4 exf4 10. Nxf4 Bf5 11. b3 N8d7 12. Bb2 Nf6 13. Qe2 Qd7 14. h3 Rad8 15. Rad1 Bd3 16. Nxd3 Qxd3 17. Qe1 Qc2 18. Ba1 Rfe8 19. Rf2 Qd3 20. Kh2 Nbd5 21. Nxd5 Nxd5 22. Bf1 Qg6 23. d4 Bd6 24. Rf3 h5 25. Bd3 Qg5 26. e4 h4 27. e5 Nb4 28. Bb1 f6 29. gxh4 1-0

[Event "Titled Tuesday intern op 18th Apr Late"]
[Site "Chess.com INT"]
[Date "2023.04.18"]
[Round "3"]
[White "Hajiyev, Kanan"]
[Black "Aung, Thant Zin"]
[Result "1-0"]
[WhiteElo "2194"]
[BlackElo "2268"]
[PlyCount "53"]
[EventDate "2023.04.18"]
[EventType "swiss (blitz)"]
[EventRounds "11"]
[EventCountry "USA"]
[SourceTitle "EXT 2024"]
[Source "ChessBase"]
[SourceDate "2023.10.10"]
[SourceVersion "1"]
[SourceVersionDate "2023.10.10"]
[SourceQuality "1"]

1. d4 Nf6 2. c4 e6 3. Nc3 Bb4 4. Qb3 c5 5. dxc5 Bxc5 6. Nf3 0-0 7. Bg5 Nc6 8. e3 a6 9. Bd3 h6 10. Bh4 Be7 11. 0-0 Qc7 12. Bg3 Qa5 13. Rfd1 d6 14. a3 Rd8 15. Qc2 Bd7 16. b4 Qb6 17. Rac1 Rac8 18. Qb3 Be8 19. h3 Nd7 20. Ne4 Nf8 21. c5 dxc5 22. Nxc5 Bxc5 23. Rxc5 Na7 24. Rdc1 Rxc5 25. Rxc5 Nb5 26. Bxb5 axb5 27. Bc7 1-0

[Event "Titled Tuesday intern op 11th Apr Early"]
[Site "Chess.com INT"]
[Date "2023.04.11"]
[Round "10"]
[White "Aung, Thant Zin"]
[Black "Rom, Jasper B"]
[Result "1-0"]
[WhiteElo "2268"]
[BlackElo "2202"]
[PlyCount "77"]
[EventDate "2023.04.11"]
[EventType "swiss (blitz)"]
[EventRounds "11"]
[EventCountry "USA"]
[SourceTitle "CBM 213 Extra"]
[Source "ChessBase"]
[SourceDate "2023.05.31"]
[SourceVersion "1"]
[SourceVersionDate "2023.05.31"]
[SourceQuality "1"]

1. e4 e6 2. d4 d5 3. Nc3 Nf6 4. Bg5 dxe4 5. Nxe4 Be7 6. Bxf6 gxf6 7. Nf3 f5 8. Ng3 a6 9. c3 b5 10. Be2 Bb7 11. Qd2 c5 12. 0-0-0 Qd5 13. Kb1 Nd7 14. Qh6 0-0-0 15. dxc5 Qxc5 16. Nd4 Bxg2 17. Rhg1 Bd5 18. Qg7 Bf6 19. Qxf7 e5 20. Ne6 Qxf2 21. Rgf1 Bxe6 22. Qxe6 Qb6 23. Qxf5 Kc7 24. Rxd7+ Rxd7 25. Qxf6 Qxf6 26. Rxf6 h5 27. Nxh5 Rd2 28. Bf3 Rf2 29. Be4 Re2 30. Bg6 Rxh2 31. Ng3 Rd8 32. a3 Rdd2 33. Ne4 Rxb2+ 34. Kc1 Rbc2+ 35. Kd1 Rcg2 36. Rf1 Rxg6 37. Nc5 Kb6 38. Nd3 e4 39. Nf4 1-0